LEADER 02837nam 2200637 450 001 9910464903003321 005 20200520144314.0 010 $a1-4384-4876-7 035 $a(CKB)3710000000074045 035 $a(EBL)3408814 035 $a(SSID)ssj0001084382 035 $a(PQKBManifestationID)11667933 035 $a(PQKBTitleCode)TC0001084382 035 $a(PQKBWorkID)11035266 035 $a(PQKB)10657624 035 $a(MiAaPQ)EBC3408814 035 $a(OCoLC)869735904 035 $a(MdBmJHUP)muse27230 035 $a(Au-PeEL)EBL3408814 035 $a(CaPaEBR)ebr10815239 035 $a(EXLCZ)993710000000074045 100 $a20130125h20132013 uy| 0 101 0 $aeng 135 $aur|n|---||||| 181 $ctxt 182 $cc 183 $acr 200 14$aThe dream on the rock $evisions of prehistory /$fFulvio Gosso and Peter Webster 210 1$aAlbany :$cState University of New York Press,$d[2013] 210 4$d©2013 215 $a1 online resource (138 p.) 300 $aDescription based upon print version of record. 311 $a1-4384-4875-9 320 $aIncludes bibliographical references and index. 327 $a""Contents""; ""List of Tables and Illustrations""; ""Acknowledgments""; ""Introduction""; ""1 Foundations of the Research""; ""The a???Religiousa??? Problem and the Origins of Consciousness""; ""The Entoptic Phenomena""; ""The Psychoactive a???Psychedelica??? Substances""; ""Origins of Shamanism""; ""Evolutionary Models""; ""2 Sites of the Research""; ""Preface""; ""The American Colorado Plateau""; ""Latin America""; ""Tassili in the Sahara Desert""; ""Far-Eastern Siberia""; ""Europe and the New Sites""; ""The Cup Marks Phenomenon""; ""3 The Significance of the Research"" 327 $a""Rock Art and Psychology""""Foundation Myths""; ""The Crisis of the Cultural Paradigm""; ""4 Origins of Psychedelia (Peter Webster)""; ""The Most Human Universal""; ""What Makyth a Man?""; ""Evolutionary Scenario""; ""Genetics to the Rescue""; ""The Trigger Event""; ""Climate Change""; ""The Long Winter""; ""Ethiopia""; ""Notes""; ""Index"" 330 $a"Examines the relationship between rock art, shamanism, and the origins of human existence"--Provided by publisher. 606 $aPetroglyphs 606 $aRock paintings 606 $aArt, Prehistoric 606 $aShamanism in art 608 $aElectronic books. 615 0$aPetroglyphs. 615 0$aRock paintings. 615 0$aArt, Prehistoric. 615 0$aShamanism in art. 676 $a709.01/13 700 $aGosso$b Fulvio$f1954-$0765302 701 $aWebster$b Peter$0946322 801 0$bMiAaPQ 801 1$bMiAaPQ 801 2$bMiAaPQ 906 $aBOOK 912 $a9910464903003321 996 $aThe dream on the rock$92475250 997 $aUNINA LEADER 01853oam 2200493 450 001 9910704371103321 005 20160307150730.0 035 $a(CKB)5470000002439972 035 $a(OCoLC)891382430 035 $a(EXLCZ)995470000002439972 100 $a20140926d1968 ua 0 101 0 $aeng 135 $aurbn||||||||| 181 $ctxt$2rdacontent 182 $cc$2rdamedia 183 $acr$2rdacarrier 200 10$aDetermination of nitrates in saline minerals $ea quantitative method of analysis based on the stoichiometric relation of the nitrates to the magnesium oxide that is formed when a sample is heated to 700°C in the presence of an excess of magnesium sulfate /$fby Laura E. Reichen and Joseph J. Fahey 210 1$a[Washington, D.C.] :$cUnited States Department of the Interior, Geological Survey,$d1968. 210 2$aWashington :$cUnited States Government Printing Office. 215 $a1 online resource (iii, 4 pages) 225 1 $aGeological Survey bulletin ;$v1214-F 225 1 $aContributions to geochemistry 300 $aTitle from title screen (viewed September 15, 2014). 517 $aDetermination of nitrates in saline minerals 606 $aNitrates 606 $aGeochemical prospecting 606 $aGeochemical prospecting$2fast 606 $aNitrates$2fast 615 0$aNitrates. 615 0$aGeochemical prospecting. 615 7$aGeochemical prospecting. 615 7$aNitrates. 700 $aReichen$b Laura E$g(Laura Esther),$f1916-$01408998 702 $aFahey$b Joseph J$g(Joseph John),$f1901- 712 02$aGeological Survey (U.S.), 801 0$bCOP 801 1$bCOP 801 2$bOCLCO 801 2$bOCLCF 801 2$bGPO 906 $aBOOK 912 $a9910704371103321 996 $aDetermination of nitrates in saline minerals$93494384 997 $aUNINA